| 000 | 00910nam a2200265 a 4500 | ||
|---|---|---|---|
| 001 | 59175 | ||
| 003 | BD-RjUL | ||
| 005 | 20211209080712.0 | ||
| 008 | 161221s2004 dcua b 000 0 eng | ||
| 020 | _a0821359002 | ||
| 035 | _a(BD-RjUL) 59299 | ||
| 040 |
_aDLC _cDLC _dBD-RjUL _beng |
||
| 041 | _aeng | ||
| 082 | 0 | 0 |
_a333.79320947 _223 _bPOE 2004 |
| 100 | 1 |
_aLampietti, Julian A. _9175951 |
|
| 245 | 1 | 0 |
_aPower's promise : _belectricity reforms in Eastern Europe and Central Asia / _cedited by Julian Lampietti. |
| 260 |
_aWashington, DC : _bWorld Bank, _c2004. |
||
| 300 |
_avii, 76 p. : _bill. ; _c26 cm. |
||
| 504 | _aIncludes bibliographical references (p. 73-76). | ||
| 650 | 0 |
_aElectric utilities _zEurope, Eastern. _9175953 |
|
| 650 | 0 |
_aElectric utilities _zAsia, Central. _9175954 |
|
| 700 |
_aLampietti, Julian _9175962 |
||
| 942 |
_2ddc _cBK |
||
| 999 |
_c59175 _d59175 |
||